00625pab a2200193 454500008004000000100002400040245007000064260000900134300001300143362001100156650004100167650003600208650001100244773003400255908000600289909001100295999001900306952010600325180718b2014 xxu||||| |||| 00| 0 eng d aRao, Palla Trinadha aPolitics of tribal land rights: Notes from Andhra Pradesh (Notes) c2014 ap.67-70. a19 Apr aLand tenure - India - Andhra Pradesh aTribes - India - Andhra Pradesh aTribes aEconomic and Political Weekly aN a103622 c103618d103618 00104070aIIPAbIIPAd2018-07-19hVolume no: 49, Issue no: 16pAR104082r2018-07-19w2018-07-19yAR